00325nam a2200097 a 4500041000800000100002200008245009100030260003800121300001100159440005700170 afre aRebillard, Pierre aContribution a la connaissance des Riodinidae Sud-Americains (Insectes Lépidopteres) aParísbEditions du Museumc1958 a215 p. aMemoires du Museum National D'Histoire Naturellen15